000 00647nam a22002057a 4500
005 20251108171009.0
008 250721s1980 xx 000 0 ara d
082 1 4 _aم/217,2/عبد
100 1 _aالقرطبي، جمال الدين ... بن عبد البر
245 1 0 _aالكافي في فقه أهل المدينة المالكي /
250 _aط2
264 1 _aالرياض :
_bمكتبة الرياض الحديث،
_c1980.
300 _a
650 1 7 _aالإسلام
650 1 7 _aفقه
650 1 7 _aالمذهب المالكي
700 1 _aأحمد، محمد محمد
_eمحقق
942 _2ddc
_cREF
999 _c53961
_d53961